000 00511nab a2200181 4500
999 _c372253
_d372253
001 238538
003 OSt
005 20230224140631.0
007 tu
008 180201s2018|||||||
040 _aDE-2950
_cDE-2950
245 0 0 _a120 Jahre Wichern Diakonie in Frankfurt (Oder).
_bVom Fürsorgeheim für Mädchen bis heute /
_cRené Matschkowiak
264 _c2023
653 _aFrankfurt (Oder)
653 _aWichern Diakonie
773 0 _gFebruar /März, 01.02. - 31.03.2023, S. 19
_tGemeindebrief
942 _2z
_cA